=LDR 00000nam 2200000 4500 =001 INLIS000000000010258 =005 20130612101944 =008 ***********************************Ind** =035 ##$$0010-061300000010258 =041 ##$$a Ind =082 ##$$a 597.31 =090 ##$$a 597.31, Rob m =100 ##$$a ROBSON, Denny =245 ##$$a Mengamati Ular =260 ##$$a 1996 $b Jakarta =300 ##$$a 32 hlm, ilus, 26 cm =650 ##$$a Ular - Bacaan Anak-anak =850 ##$$a NBPNMAT